[Event "European Youth Chess Championship B12"]
[Site "Prague, Top Hotel Prague"]
[Date "2016.08.19"]
[Round "2.71"]
[White "Magold, Victor"]
[Black "Gogna, Aman"]
[Result "1-0"]
[WhiteElo "1708"]
[BlackElo "1412"]
[PlyCount "101"]
[EventDate "2016.08.18"]

1. e4 c5 2. Nf3 e6 3. d4 cxd4 4. Nxd4 a6 5. Nc3 Qc7 6. g3 Ne7 7. Bg2 g6 8. O-O
Bg7 9. Nde2 O-O 10. Be3 Nbc6 11. f4 d6 12. a3 b5 13. Rb1 Bb7 14. Nd4 Nxd4 15.
Bxd4 Bxd4+ 16. Qxd4 Qc5 17. Rbd1 Rfd8 18. Rf2 Qxd4 19. Rxd4 Rd7 20. Rfd2 Rad8
21. Ne2 Kf8 22. Bh3 f5 23. exf5 exf5 24. Kf2 d5 25. Bg2 Nc8 26. b3 Nb6 27. Nc1
Ke7 28. Nd3 Ba8 29. Ne5 Rd6 30. h4 Kf6 31. h5 Nd7 32. hxg6 hxg6 33. Nxd7+ R6xd7
34. a4 bxa4 35. Rxa4 Rd6 36. Ra5 Ke7 37. Rd4 Ke6 38. Bf1 Bb7 39. Bg2 Rc8 40. c4
Rcd8 41. c5 R6d7 42. Bf1 Ra8 43. Rb4 d4 44. Rb6+ Kf7 45. c6 Bxc6 46. Rxc6 Rb8
47. Bc4+ Kg7 48. Raxa6 d3 49. Rxg6+ Kh7 50. Rh6+ Kg7 51. Rag6+ 1-0

[Event "European Youth Chess Championship B12"]
[Site "Prague, Top Hotel Prague"]
[Date "2016.08.19"]
[Round "2.72"]
[White "Stastny, Jakub"]
[Black "Nytra, Ondrej"]
[Result "0-1"]
[WhiteElo "1376"]
[BlackElo "1708"]
[PlyCount "48"]
[EventDate "2016.08.18"]

1. Nf3 d5 2. d4 e6 3. c4 c6 4. Nc3 Nd7 5. Qc2 Bd6 6. c5 Bc7 7. g3 b6 8. b4 e5
9. e3 e4 10. Nd2 a5 11. b5 bxc5 12. bxc6 Nb8 13. dxc5 Nxc6 14. Bb5 Nge7 15. Bb2
O-O 16. Rd1 Nb4 17. Qb1 Bg4 18. Ne2 Rb8 19. a4 Bh3 20. Bc3 Rxb5 21. Nxe4 Rb8
22. Bxg7 Kxg7 23. Nd4 Nf5 24. Qb2 Nd3+ 0-1

[Event "European Youth Chess Championship B12"]
[Site "Prague, Top Hotel Prague"]
[Date "2016.08.19"]
[Round "2.73"]
[White "Skypala, Ondrej"]
[Black "Kien, Clovis"]
[Result "1-0"]
[WhiteElo "1703"]
[BlackElo "1336"]
[PlyCount "51"]
[EventDate "2016.08.18"]

1. e4 Nf6 2. Nc3 e5 3. Nf3 Nc6 4. d4 exd4 5. Nxd4 Bb4 6. Nxc6 bxc6 7. Bd2 O-O
8. Bd3 Re8 9. O-O Bxc3 10. Bxc3 Nxe4 11. Bd4 c5 12. Bxg7 Kxg7 13. Bxe4 Rxe4 14.
Qd5 Rb4 15. Qxa8 Rb7 16. Rfe1 c6 17. Re3 c4 18. Rg3+ Kh8 19. Re1 d5 20. Rge3
Rxb2 21. Re8+ Qxe8 22. Rxe8+ Kg7 23. h3 Bb7 24. Rg8+ Kh6 25. Qd8 Kh5 26. Qg5#
1-0

[Event "European Youth Chess Championship B12"]
[Site "Prague, Top Hotel Prague"]
[Date "2016.08.19"]
[Round "2.74"]
[White "Berezovsky, Jonathan"]
[Black "Hajpek, Erik"]
[Result "0-1"]
[WhiteElo "1164"]
[BlackElo "1701"]
[PlyCount "62"]
[EventDate "2016.08.18"]

1. Nf3 d5 2. g3 Nf6 3. Bg2 c5 4. O-O Nc6 5. c3 e6 6. d4 Bd6 7. Bg5 h6 8. Bxf6
Qxf6 9. Qd2 Bd7 10. Na3 a6 11. Rfd1 c4 12. Re1 O-O 13. e4 Bc7 14. e5 Qd8 15.
Nc2 f6 16. Rad1 fxe5 17. Nxe5 Nxe5 18. dxe5 Bb6 19. Rb1 Be8 20. Nd4 Bf7 21. Qf4
Bg6 22. Qg4 Bxd4 23. cxd4 Bf5 24. Qh5 Bxb1 25. Rxb1 Kh7 26. Bh3 Qb6 27. f4
Qxd4+ 28. Kg2 Qe4+ 29. Kf2 Qxb1 30. Bxe6 Qxb2+ 31. Ke3 Qb6+ 0-1

[Event "European Youth Chess Championship B12"]
[Site "Prague, Top Hotel Prague"]
[Date "2016.08.19"]
[Round "2.75"]
[White "Glozar, Petr"]
[Black "Winkin, Jos"]
[Result "1-0"]
[WhiteElo "1688"]
[BlackElo "1247"]
[PlyCount "113"]
[EventDate "2016.08.18"]

1. e4 e5 2. Nf3 Nc6 3. Bb5 a6 4. Ba4 Bc5 5. d3 Nf6 6. O-O O-O 7. Bxc6 bxc6 8.
Nxe5 Re8 9. Nf3 d6 10. h3 h6 11. Nc3 Be6 12. Ne2 Rb8 13. Nf4 Bd7 14. Re1 d5 15.
exd5 cxd5 16. d4 Ba7 17. Ne5 Rb7 18. Nxd7 Qxd7 19. c3 c6 20. Nd3 Qc7 21. Rxe8+
Nxe8 22. Bf4 Qc8 23. Qe2 Nf6 24. Re1 Bb8 25. Bxb8 Rxb8 26. Nc5 Nd7 27. Nxd7
Qxd7 28. b4 Ra8 29. Qe7 Qxe7 30. Rxe7 a5 31. a3 axb4 32. axb4 Ra1+ 33. Kh2 Rc1
34. Re8+ Kh7 35. Re3 g5 36. Kg3 Kg6 37. Kf3 Rc2 38. g4 h5 39. Kg3 Kh6 40. gxh5
Kxh5 41. f4 gxf4+ 42. Kxf4 Kh4 43. Rf3 Kh5 44. Kf5 Ra2 45. Kf6 Ra7 46. Rg3 Kh6
47. Rg8 Kh7 48. Rc8 Rb7 49. Rf8 Rb6 50. Rxf7+ Kg8 51. Re7 Kf8 52. Re6 Ra6 53.
b5 Ra7 54. Rxc6 Re7 55. Rc8+ Re8 56. Rxe8+ Kxe8 57. h4 1-0

[Event "European Youth Chess Championship B12"]
[Site "Prague, Top Hotel Prague"]
[Date "2016.08.19"]
[Round "2.76"]
[White "Spada, Dario"]
[Black "Chiriac, Daniel"]
[Result "0-1"]
[WhiteElo "1132"]
[BlackElo "1687"]
[PlyCount "72"]
[EventDate "2016.08.18"]

1. d4 Nf6 2. Nf3 e6 3. c4 d5 4. Nc3 Bd6 5. e3 c6 6. Bd3 Nbd7 7. O-O O-O 8. Qe2
Re8 9. e4 dxc4 10. Bxc4 Bf8 11. e5 Nd5 12. Nxd5 cxd5 13. Bd3 Be7 14. Bf4 a6 15.
a4 Nf8 16. Rac1 Bd7 17. b3 Qb6 18. Qb2 Bxa4 19. Rb1 Bb5 20. Bxb5 Qxb5 21. Rfc1
Rac8 22. Bg5 Bxg5 23. Nxg5 h6 24. Nf3 Qd7 25. Qa3 Ng6 26. Qa4 Rxc1+ 27. Rxc1
Rc8 28. Rxc8+ Qxc8 29. h3 Nf4 30. Qa2 Qc1+ 31. Kh2 Qf1 32. Nh4 g5 33. Kg3 Ne2+
34. Kf3 Ng1+ 35. Kg3 gxh4+ 36. Kxh4 Qxg2 0-1

[Event "European Youth Chess Championship B12"]
[Site "Prague, Top Hotel Prague"]
[Date "2016.08.19"]
[Round "2.77"]
[White "Rokos, Filip"]
[Black "Stagno, Matteo"]
[Result "1-0"]
[WhiteElo "1687"]
[BlackElo "1142"]
[PlyCount "61"]
[EventDate "2016.08.18"]

1. e4 e5 2. Nf3 Nc6 3. Bb5 a6 4. Ba4 Nf6 5. d3 b5 6. Bb3 Bc5 7. O-O O-O 8. c3
d6 9. Re1 Bg4 10. Nbd2 d5 11. exd5 Nxd5 12. Ne4 Bb6 13. h3 Bh5 14. Ng3 Bxf3 15.
Qxf3 Nde7 16. Ne4 Qd7 17. Be3 Bxe3 18. fxe3 Qf5 19. Qe2 Rad8 20. Rf1 Qg6 21.
Rf3 Qh5 22. Raf1 Kh8 23. Nc5 Qg6 24. Ne6 Qxd3 25. Qxd3 Rxd3 26. Nxf8 Kg8 27.
Ne6 e4 28. Rxf7 h6 29. Rxg7+ Kh8 30. Rf8+ Ng8 31. Rfxg8# 1-0

[Event "European Youth Chess Championship B12"]
[Site "Prague, Top Hotel Prague"]
[Date "2016.08.20"]
[Round "3.1"]
[White "Petkov, Momchil"]
[Black "Bjerre, Jonas"]
[Result "0-1"]
[WhiteElo "1997"]
[BlackElo "2382"]
[PlyCount "84"]
[EventDate "2016.08.18"]

1. e4 c5 2. Nf3 d6 3. d4 cxd4 4. Nxd4 Nf6 5. Nc3 a6 6. f3 e5 7. Nb3 Be6 8. Be3
h5 9. Qd2 Nbd7 10. O-O-O Be7 11. Be2 b5 12. Kb1 Rc8 13. h3 h4 14. Rhg1 Kf8 15.
Qe1 Qc7 16. Bd3 b4 17. Ne2 a5 18. Bf2 a4 19. Nd2 Nc5 20. Rc1 Qb7 21. Bxc5 Rxc5
22. c4 bxc3 23. Rxc3 d5 24. Qc1 Qb6 25. Qc2 Rxc3 26. Qxc3 Bb4 27. Qc2 Bxd2 28.
Qxd2 dxe4 29. Bxe4 g6 30. Rc1 Nxe4 31. fxe4 Qf2 32. Qd6+ Kg8 33. Nc3 Qxg2 34.
Qxe5 Qxh3 35. Nd5 Bxd5 36. exd5 Rh5 37. Qd4 Qf5+ 38. Ka1 Qe5 39. Qxa4 h3 40.
Qa8+ Kg7 41. Rd1 h2 42. Rh1 Qe4 0-1

[Event "European Youth Chess Championship B12"]
[Site "Prague, Top Hotel Prague"]
[Date "2016.08.20"]
[Round "3.2"]
[White "Tanriverdi, Enes"]
[Black "Gharibyan, Mamikon"]
[Result "0-1"]
[WhiteElo "1991"]
[BlackElo "2194"]
[PlyCount "112"]
[EventDate "2016.08.18"]

1. d4 Nf6 2. c4 e6 3. Nf3 b6 4. g3 Ba6 5. b3 Bb4+ 6. Bd2 Be7 7. Nc3 d5 8. cxd5
exd5 9. Bg2 O-O 10. O-O Re8 11. Ne5 Bb7 12. Bc1 Nbd7 13. Bb2 Bd6 14. f4 Ne4 15.
Qc2 Ndf6 16. Nd1 h5 17. Ne3 Qc8 18. Bf3 a5 19. Kg2 a4 20. bxa4 Ra5 21. h3 h4
22. gxh4 c5 23. Kh2 Qe6 24. Rg1 Rc8 25. Qd1 cxd4 26. Bxd4 Bc5 27. Rg2 Nc3 28.
Bxc3 Bxe3 29. Bd2 Bxd2 30. Qxd2 Rc7 31. Rag1 Ne8 32. Qd4 Qf6 33. h5 Rc4 34. Qd2
Rxf4 35. Ng4 Qd6 36. Kh1 Bc8 37. h6 g6 38. Qc3 Rc5 39. Qe3 Be6 40. Nf2 d4 41.
Qd2 Rh4 42. Rg3 Nf6 43. Qd3 Bf5 44. e4 Rc3 45. Qe2 Re3 46. Qb5 Bd7 47. Qc4 Be6
48. Qb5 Rxh6 49. a5 bxa5 50. Qg5 Kg7 51. h4 Nh5 52. Bxh5 Rxh5 53. Qxh5 Rxg3 54.
Qxa5 Rxg1+ 55. Kxg1 Qg3+ 56. Kf1 Bc4+ 0-1

[Event "European Youth Chess Championship B12"]
[Site "Prague, Top Hotel Prague"]
[Date "2016.08.20"]
[Round "3.3"]
[White "Gines, Esteo Pedro Antonio"]
[Black "Mochalin, Faddey"]
[Result "1-0"]
[WhiteElo "2194"]
[BlackElo "2020"]
[PlyCount "149"]
[EventDate "2016.08.18"]

1. d4 d5 2. Nf3 Nf6 3. c4 c6 4. e3 Bf5 5. Nc3 e6 6. Nh4 Bg6 7. Qb3 Qb6 8. Bd2
Nbd7 9. Nxg6 hxg6 10. Be2 Qc7 11. O-O-O a6 12. Kb1 Be7 13. Rc1 Qb6 14. Qxb6
Nxb6 15. c5 Nbd7 16. Kc2 e5 17. f3 Ng8 18. b4 f6 19. a4 Nh6 20. Be1 Kf7 21. Bf2
exd4 22. exd4 f5 23. b5 axb5 24. axb5 Ra3 25. Ra1 Rha8 26. Rxa3 Rxa3 27. Rb1
Ra7 28. Rb2 f4 29. Na2 Nf5 30. Bd3 Ke6 31. bxc6 bxc6 32. Nb4 Nb8 33. Kc3 Ra3+
34. Rb3 Rxb3+ 35. Kxb3 Bf6 36. Kc3 Nd7 37. Na6 Ke7 38. g4 Nh4 39. Bxh4 Bxh4 40.
Bxg6 Be1+ 41. Kb3 Bf2 42. Nb4 Nb8 43. Kc3 Be1+ 44. Kb3 Bf2 45. Nc2 Kd7 46. Kc3
Na6 47. Kd3 Bh4 48. Kd2 Bf6 49. Kd3 Bh4 50. Bf5+ Kd8 51. Kc3 Bf6 52. Bd3 Nxc5
53. g5 Be7 54. dxc5 Bxc5 55. Nd4 Kd7 56. Nf5 Bf8 57. h4 g6 58. Nh6 c5 59. Bxg6
Bg7+ 60. Kd2 c4 61. Nf5 Bh8 62. Bf7 Kc6 63. g6 Kc5 64. g7 Bxg7 65. Nxg7 d4 66.
Ne6+ Kd5 67. Nxf4+ Ke5 68. Nd5 Kf5 69. h5 Kg5 70. f4+ Kf5 71. h6 Ke4 72. h7 c3+
73. Nxc3+ dxc3+ 74. Kxc3 Kxf4 75. h8=Q 1-0

[Event "European Youth Chess Championship B12"]
[Site "Prague, Top Hotel Prague"]
[Date "2016.08.20"]
[Round "3.4"]
[White "Stukan, Martin"]
[Black "Suleymanli, Aydin"]
[Result "0-1"]
[WhiteElo "1962"]
[BlackElo "2145"]
[PlyCount "84"]
[EventDate "2016.08.18"]

1. e4 e6 2. d4 d5 3. Nc3 Nf6 4. Bg5 dxe4 5. Nxe4 Be7 6. Nxf6+ Bxf6 7. Bxf6 Qxf6
8. Nf3 O-O 9. Bd3 c5 10. c3 cxd4 11. Nxd4 e5 12. Ne2 Na6 13. Ng3 Nc5 14. Bc2
Be6 15. Qb1 g6 16. O-O Rad8 17. Ne4 Nxe4 18. Bxe4 Rd2 19. Qc1 Rfd8 20. b3 b6
21. Bf3 Qf4 22. Qe1 f5 23. Rd1 e4 24. g3 Rxd1 25. Bxd1 Qd2 26. a4 Kf7 27. f3
exf3 28. Qxd2 Rxd2 29. c4 Rd3 30. Bc2 Rc3 31. Bd1 Rd3 32. Bc2 Re3 33. Bd1 Kf6
34. Rxf3 Rxf3 35. Bxf3 Ke5 36. Kf2 Kd4 37. Ke1 Ke3 38. Bd5 Bd7 39. a5 g5 40.
axb6 axb6 41. Bg8 f4 42. c5 bxc5 0-1

[Event "European Youth Chess Championship B12"]
[Site "Prague, Top Hotel Prague"]
[Date "2016.08.20"]
[Round "3.5"]
[White "Oglaza, Oskar"]
[Black "Dudin, Gleb"]
[Result "1-0"]
[WhiteElo "2128"]
[BlackElo "1965"]
[PlyCount "63"]
[EventDate "2016.08.18"]

1. e4 e6 2. d4 d5 3. Nd2 Be7 4. Ngf3 Nf6 5. Bd3 c5 6. e5 Nfd7 7. c3 Nc6 8. O-O
O-O 9. Re1 cxd4 10. cxd4 f6 11. exf6 Nxf6 12. Nf1 Qb6 13. Be3 Qxb2 14. Ng3 Qb6
15. Ng5 Bd7 16. Rb1 Qc7 17. Qc2 h6 18. Nf3 Rac8 19. Qd2 Na5 20. Bxh6 Ne4 21.
Nxe4 dxe4 22. Rxe4 Bf6 23. Ne5 Bxe5 24. Rxe5 Nc6 25. Bxg7 Rf7 26. Rg5 Rxg7 27.
Rxg7+ Kxg7 28. Qg5+ Kf8 29. Qf6+ Kg8 30. Bh7+ Kxh7 31. Rb3 e5 32. Rg3 1-0

[Event "European Youth Chess Championship B12"]
[Site "Prague, Top Hotel Prague"]
[Date "2016.08.20"]
[Round "3.6"]
[White "Mitev, Valentin"]
[Black "Antonica, Dragos-Andrei"]
[Result "1-0"]
[WhiteElo "2119"]
[BlackElo "1946"]
[PlyCount "105"]
[EventDate "2016.08.18"]

1. Nf3 Nf6 2. c4 e6 3. Nc3 d5 4. e3 Be7 5. b3 O-O 6. Bb2 c5 7. g3 b6 8. Bg2 Bb7
9. O-O Nc6 10. cxd5 Nxd5 11. Nxd5 exd5 12. d4 Ba6 13. Re1 Bf6 14. Ne5 Nb4 15.
a3 Bxe5 16. axb4 Bf6 17. Rxa6 cxb4 18. Ra1 Qd6 19. Qf3 Rfd8 20. Rec1 a5 21. Bf1
Qd7 22. Qf4 Ra7 23. Rc2 Rda8 24. Rac1 Bd8 25. Qf3 a4 26. bxa4 Rxa4 27. Qe2 R4a5
28. Rc6 g6 29. Qc2 Kg7 30. Rc8 Rxc8 31. Qxc8 Qxc8 32. Rxc8 Be7 33. Rc7 Bf8 34.
Bg2 Ra2 35. Rxf7+ Kh6 36. Rxf8 Rxb2 37. Rb8 Rb1+ 38. Bf1 Kg7 39. Rxb6 Kf7 40.
Kg2 Ke7 41. Rb7+ Kd6 42. Bd3 Rb2 43. Rxh7 Kc6 44. Bxg6 b3 45. h4 Ra2 46. Rh5
Ra7 47. Rh8 b2 48. Rb8 Rb7 49. Rxb7 Kxb7 50. h5 Kb6 51. h6 Kb5 52. h7 Kb4 53.
h8=Q 1-0

[Event "European Youth Chess Championship B12"]
[Site "Prague, Top Hotel Prague"]
[Date "2016.08.20"]
[Round "3.7"]
[White "Coca, Cristi-Iulian"]
[Black "Ahmadzada, Ahmad"]
[Result "1/2-1/2"]
[WhiteElo "1929"]
[BlackElo "2113"]
[PlyCount "49"]
[EventDate "2016.08.18"]

1. e4 c5 2. c3 e6 3. d4 d5 4. exd5 exd5 5. Nf3 a6 6. Be3 cxd4 7. Nxd4 Nf6 8.
Be2 Bd6 9. Nd2 O-O 10. Bf3 Nc6 11. O-O Qc7 12. h3 h6 13. Qc2 Ne5 14. Nf5 Nxf3+
15. Nxf3 Ne4 16. Nxd6 Qxd6 17. Rad1 Qg6 18. Ne5 Qe6 19. Bd4 b5 20. Rfe1 Qf5 21.
Qe2 Bb7 22. Qg4 Qxg4 23. Nxg4 Rfe8 24. Ne3 Nd6 25. b3 1/2-1/2

[Event "European Youth Chess Championship B12"]
[Site "Prague, Top Hotel Prague"]
[Date "2016.08.20"]
[Round "3.8"]
[White "Carbonell, Sancho Marc"]
[Black "Van, Dael Siem"]
[Result "1-0"]
[WhiteElo "1857"]
[BlackElo "2082"]
[PlyCount "103"]
[EventDate "2016.08.18"]

1. e4 e5 2. Nf3 Nc6 3. d4 exd4 4. Nxd4 Bc5 5. Nxc6 bxc6 6. Bd3 Qf6 7. Qd2 Ne7
8. Qf4 d5 9. Qxf6 gxf6 10. Nc3 Rg8 11. g3 Bg4 12. exd5 cxd5 13. O-O h5 14. Kg2
O-O-O 15. Na4 Bd6 16. Be3 Kb8 17. Bc5 Ng6 18. Bxd6 Rxd6 19. f4 Bd7 20. Nc5 Bc6
21. Kf2 d4 22. Ne4 Re6 23. f5 Rxe4 24. Bxe4 Bxe4 25. fxg6 fxg6 26. Rad1 c5 27.
Rd2 Kc7 28. Re1 f5 29. c3 d3 30. Ke3 Rb8 31. b3 Rb6 32. Kf4 Rc6 33. Rxe4 fxe4
34. Kxe4 c4 35. bxc4 Rxc4+ 36. Kxd3 Ra4 37. c4 h4 38. gxh4 Ra3+ 39. Kd4 Rh3 40.
Rf2 Rxh4+ 41. Kc5 Rh5+ 42. Kb4 a5+ 43. Kb3 Kc6 44. Rf6+ Kc5 45. Rxg6 a4+ 46.
Kc3 a3 47. Kb3 Rh3+ 48. Rg3 Rxh2 49. Rg5+ Kd4 50. Rd5+ Ke4 51. Kxa3 Rc2 52. Kb3
1-0

[Event "European Youth Chess Championship B12"]
[Site "Prague, Top Hotel Prague"]
[Date "2016.08.20"]
[Round "3.9"]
[White "Morgunov, Marc"]
[Black "Larkin, Vladislav"]
[Result "0-1"]
[WhiteElo "2078"]
[BlackElo "1932"]
[PlyCount "104"]
[EventDate "2016.08.18"]

1. e4 d6 2. d4 Nf6 3. Nc3 Nbd7 4. Nf3 e5 5. Bc4 Be7 6. O-O O-O 7. h3 c6 8. a4
b6 9. b3 Bb7 10. Re1 a6 11. Bb2 b5 12. axb5 cxb5 13. Bd5 Nxd5 14. Nxd5 Bxd5 15.
exd5 e4 16. Rxe4 Nf6 17. Re2 Nxd5 18. c4 bxc4 19. bxc4 Nb6 20. Qd3 Bf6 21. d5
Bxb2 22. Rxb2 Qf6 23. Nd4 Nd7 24. Qd2 Rfe8 25. Nb3 Re4 26. Rba2 Rb8 27. Qc2
Rbe8 28. f3 Re3 29. Rxa6 Qe5 30. Ra8 Re1+ 31. Kf2 Re2+ 32. Qxe2 Qxe2+ 33. Kg1
g6 34. Nd4 Qe3+ 35. Kh1 Rxa8 36. Rxa8+ Kg7 37. Nc6 Nc5 38. Ra7 Nd3 39. Rd7 Nf2+
40. Kh2 Qf4+ 41. Kg1 Qg3 42. Nd8 Nxh3+ 43. Kh1 Qe1+ 44. Kh2 Ng5 45. c5 Qe5+ 46.
Kh1 Qe1+ 47. Kh2 Qh4+ 48. Kg1 Qd4+ 49. Kh1 Qxc5 50. Rxf7+ Nxf7 51. Ne6+ Kf6 52.
Nxc5 dxc5 0-1

[Event "European Youth Chess Championship B12"]
[Site "Prague, Top Hotel Prague"]
[Date "2016.08.20"]
[Round "3.10"]
[White "Trifan, Andrei Ioan"]
[Black "Ceres, Dragos"]
[Result "1/2-1/2"]
[WhiteElo "2069"]
[BlackElo "1904"]
[PlyCount "55"]
[EventDate "2016.08.18"]

1. e4 e6 2. d4 d5 3. exd5 exd5 4. Nf3 Bd6 5. h3 Nf6 6. Bd3 O-O 7. O-O Nc6 8. c4
dxc4 9. Bxc4 Bf5 10. Nc3 a6 11. Bg5 h6 12. Bh4 g5 13. Bg3 Re8 14. Qb3 Qd7 15.
Ne5 Bxe5 16. dxe5 Na5 17. Bxf7+ Qxf7 18. Qxf7+ Kxf7 19. exf6 c6 20. f4 Kg6 21.
fxg5 hxg5 22. h4 gxh4 23. Bxh4 Nc4 24. Rf3 Ne5 25. Rg3+ Ng4 26. Rf1 Re5 27.
Rgf3 Be6 28. f7 1/2-1/2

[Event "European Youth Chess Championship B12"]
[Site "Prague, Top Hotel Prague"]
[Date "2016.08.20"]
[Round "3.11"]
[White "Uzumcu, Ahmet Utku"]
[Black "Harutyunyan, Safar"]
[Result "1-0"]
[WhiteElo "2047"]
[BlackElo "1867"]
[PlyCount "71"]
[EventDate "2016.08.18"]

1. e4 c6 2. d4 d5 3. Nd2 dxe4 4. Nxe4 Nf6 5. Nxf6+ gxf6 6. c3 Qd5 7. Be3 Bf5 8.
Qb3 Qxb3 9. axb3 e6 10. Nf3 Bd6 11. Nd2 Nd7 12. g3 Ke7 13. Bg2 Nb6 14. Ne4 Bxe4
15. Bxe4 f5 16. Bf3 Nd5 17. Bd2 a6 18. Ke2 Rad8 19. Rhe1 Rhe8 20. Kf1 Kf6 21.
c4 Nb4 22. Rec1 Be7 23. Bc3 Kg6 24. Ra4 Bg5 25. Rd1 Nc2 26. c5 Re7 27. h4 Bf6
28. Rd2 Nxd4 29. Bxd4 e5 30. Bc3 Rxd2 31. Bxd2 e4 32. Be2 Bxb2 33. h5+ Kf6 34.
Be3 Rd7 35. g4 fxg4 36. Rxe4 1-0

[Event "European Youth Chess Championship B12"]
[Site "Prague, Top Hotel Prague"]
[Date "2016.08.20"]
[Round "3.12"]
[White "Kochavi, Ori"]
[Black "Vantuch, Lucian"]
[Result "1/2-1/2"]
[WhiteElo "2038"]
[BlackElo "1796"]
[PlyCount "60"]
[EventDate "2016.08.18"]

1. e4 c5 2. Nf3 Nc6 3. d4 cxd4 4. Nxd4 g6 5. Nc3 Bg7 6. Nde2 Nf6 7. g3 d6 8.
Bg2 O-O 9. O-O Rb8 10. a4 a6 11. h3 b5 12. axb5 axb5 13. Be3 Nd7 14. Nd4 Bxd4
15. Bxd4 b4 16. Ne2 Nxd4 17. Nxd4 Qb6 18. Kh2 Ba6 19. Re1 Rfc8 20. f4 Rc4 21.
Nb3 Rbc8 22. Rc1 Bb5 23. Qd2 Ba4 24. Qd3 Bxb3 25. Qxb3 Qf2 26. Rf1 Qe2 27. Rfe1
Qf2 28. Rf1 Qe2 29. Rfe1 Qf2 30. Rf1 Qe2 1/2-1/2

[Event "European Youth Chess Championship B12"]
[Site "Prague, Top Hotel Prague"]
[Date "2016.08.20"]
[Round "3.13"]
[White "Biletskiy, Danylo"]
[Black "Solomon, Asif"]
[Result "1/2-1/2"]
[WhiteElo "1796"]
[BlackElo "2057"]
[PlyCount "28"]
[EventDate "2016.08.18"]

1. Nf3 Nf6 2. c4 g6 3. b3 Bg7 4. Bb2 d6 5. d4 O-O 6. g3 c5 7. Bg2 Nbd7 8. O-O
Qc7 9. Nc3 a6 10. Qd2 Rb8 11. dxc5 Nxc5 12. Nd5 Nxd5 13. Bxg7 Kxg7 14. cxd5 Ne4
1/2-1/2

[Event "European Youth Chess Championship B12"]
[Site "Prague, Top Hotel Prague"]
[Date "2016.08.20"]
[Round "3.14"]
[White "Hakobyan, Eduard"]
[Black "Ognean, Mihnea-Ionut"]
[Result "0-1"]
[WhiteElo "1776"]
[BlackElo "2037"]
[PlyCount "84"]
[EventDate "2016.08.18"]

1. e4 c5 2. Nf3 e6 3. d4 cxd4 4. Nxd4 a6 5. Bd3 Qc7 6. Qe2 d6 7. c4 Nf6 8. Nc3
Be7 9. O-O Nbd7 10. f4 b6 11. Bd2 Bb7 12. b4 O-O 13. Rac1 Rfe8 14. g4 g6 15. g5
Nh5 16. f5 Bf8 17. Qf2 exf5 18. exf5 Ne5 19. fxg6 hxg6 20. Nd5 Qd7 21. Be2 Ng4
22. Qg2 Bg7 23. Bxg4 Bxd4+ 24. Kh1 Bxd5 25. cxd5 Qb7 26. Rc4 Bg7 27. Qf3 Re5
28. Rc6 Rd8 29. Rfc1 b5 30. Bc3 Rxg5 31. h4 Rxg4 32. Qxg4 Bxc3 33. R1xc3 Qe7
34. Rc1 Qe5 35. Rd1 Ng3+ 36. Kg2 Nf5 37. Kh1 Ne3 38. Qf3 Nxd1 39. Qxd1 Qe6 40.
Kg1 Qe4 41. Qd2 Re8 42. Qg2 Re5 0-1

[Event "European Youth Chess Championship B12"]
[Site "Prague, Top Hotel Prague"]
[Date "2016.08.20"]
[Round "3.15"]
[White "Ozenir, Ekin Baris"]
[Black "Vojta, Jakub"]
[Result "1-0"]
[WhiteElo "2030"]
[BlackElo "1771"]
[PlyCount "53"]
[EventDate "2016.08.18"]

1. d4 d5 2. c4 Nc6 3. Nf3 Bg4 4. e3 e5 5. cxd5 Qxd5 6. Nc3 Bb4 7. Be2 Rd8 8.
O-O Qa5 9. Bd2 exd4 10. Nxd4 Bxe2 11. Qxe2 Nge7 12. a3 Nxd4 13. exd4 Bd6 14.
Nb5 Qb6 15. Rfe1 Rd7 16. Nxd6+ cxd6 17. Qg4 g6 18. Bg5 f5 19. Qh4 Qd8 20. Re6
h5 21. Rae1 Rh7 22. Rxg6 Qa5 23. Rge6 Qd8 24. Bxe7 Rdxe7 25. Qf6 Rhf7 26. Qh8+
Kd7 27. Rxd6+ 1-0

[Event "European Youth Chess Championship B12"]
[Site "Prague, Top Hotel Prague"]
[Date "2016.08.20"]
[Round "3.16"]
[White "Kacharava, Nikolozi"]
[Black "Poltorak, Sebastian"]
[Result "1-0"]
[WhiteElo "2024"]
[BlackElo "1763"]
[PlyCount "177"]
[EventDate "2016.08.18"]

1. e4 c6 2. Nc3 d5 3. Nf3 Bg4 4. h3 Bxf3 5. Qxf3 e6 6. Be2 g6 7. O-O Bg7 8. d3
Ne7 9. Bg5 O-O 10. Bf6 Nd7 11. Bxg7 Kxg7 12. Qg3 Qb8 13. Qxb8 Raxb8 14. f4 f5
15. exd5 Nxd5 16. Rf3 N7f6 17. Re1 Rbe8 18. Bf1 Kf7 19. g3 Re7 20. Bg2 Rfe8 21.
d4 h6 22. Nb1 Rd8 23. Nd2 Nb6 24. Rd3 Kg7 25. Nf3 Ne4 26. Ne5 Nd6 27. g4 Rde8
28. Rg3 fxg4 29. hxg4 Nf7 30. Rf1 g5 31. Nxf7 Rxf7 32. fxg5 hxg5 33. Ra3 a6 34.
Ra5 Kg6 35. Re5 Rfe7 36. Bf3 Nd7 37. Re3 Nf6 38. Be2 e5 39. dxe5 Rxe5 40. Bd3+
Kg7 41. Ref3 Rf8 42. Rf5 Rxf5 43. Rxf5 Rd8 44. Rxg5+ Kf7 45. Bc4+ Kf8 46. Rf5
Kg7 47. g5 Ng4 48. Bd3 Rd7 49. Rf4 Ne5 50. Be4 Re7 51. Kf2 Ng6 52. Rg4 Ne5 53.
Rf4 Ng6 54. Bxg6 Kxg6 55. Rg4 Re5 56. Kf3 Rxg5 57. Rd4 Rf5+ 58. Ke4 Rf2 59. Kd3
Rf6 60. Kc4 b6 61. Rd2 Rf4+ 62. Kb3 a5 63. Rd7 Rf6 64. a4 Rf3+ 65. c3 Rf6 66.
Rb7 c5 67. Kc4 Kg5 68. Kb5 Rf2 69. Rxb6 Rxb2+ 70. Kxc5 Ra2 71. Kb5 Ra3 72. c4
Rb3+ 73. Kxa5 Rc3 74. Kb4 Rc1 75. Re6 Rb1+ 76. Kc5 Ra1 77. Kb5 Rb1+ 78. Kc6 Rb4
79. c5 Rxa4 80. Kb6 Kf5 81. Re1 Rb4+ 82. Kc7 Rb5 83. c6 Rc5 84. Kb7 Rc2 85. c7
Rb2+ 86. Kc8 Rb3 87. Rc1 Ke6 88. Kd8 Rd3+ 89. Ke8 1-0

[Event "European Youth Chess Championship B12"]
[Site "Prague, Top Hotel Prague"]
[Date "2016.08.20"]
[Round "3.17"]
[White "Koelle, Tobias"]
[Black "Nguyen, Alex Dac-Vuong"]
[Result "0-1"]
[WhiteElo "1866"]
[BlackElo "2069"]
[PlyCount "70"]
[EventDate "2016.08.18"]

1. e4 e6 2. d4 d5 3. exd5 exd5 4. Nf3 Nf6 5. Bd3 Bd6 6. c3 O-O 7. O-O h6 8. h3
Re8 9. Re1 Nc6 10. Be3 Ne4 11. c4 Bb4 12. Nbd2 Be6 13. c5 f5 14. a3 Bxd2 15.
Nxd2 Qf6 16. Nf3 Rad8 17. Bb5 f4 18. Bc1 Rf8 19. Bxc6 bxc6 20. Ne5 Qh4 21. Rf1
h5 22. Nf3 Qe7 23. Ne5 Qg5 24. Nf3 Qh6 25. Qe2 Rde8 26. Ne5 g5 27. Re1 Re7 28.
Nxc6 Rg7 29. f3 g4 30. hxg4 hxg4 31. fxe4 g3 32. Qa6 Qh2+ 33. Kf1 Bg4 34. Ne7+
Rxe7 35. Qg6+ Rg7 0-1

[Event "European Youth Chess Championship B12"]
[Site "Prague, Top Hotel Prague"]
[Date "2016.08.20"]
[Round "3.18"]
[White "Yaniv, Yuval"]
[Black "Spyropoulos, Nikolaos"]
[Result "0-1"]
[WhiteElo "1845"]
[BlackElo "2045"]
[PlyCount "100"]
[EventDate "2016.08.18"]

1. e4 e6 2. d4 d5 3. Nc3 Bb4 4. e5 c5 5. a3 Bxc3+ 6. bxc3 Ne7 7. Bd3 Qc7 8. Nf3
b6 9. O-O Ba6 10. Bxa6 Nxa6 11. Qe2 Nb8 12. a4 O-O 13. Ba3 Nd7 14. Ne1 f6 15.
Qg4 Nf5 16. f4 Rfe8 17. Qe2 cxd4 18. g4 Ne3 19. cxd4 Nxf1 20. Kxf1 Qc3 21. Qd1
Rac8 22. Bd6 Rc4 23. Nf3 fxe5 24. fxe5 Qxc2 25. Qxc2 Rxc2 26. a5 Rec8 27. axb6
Rc1+ 28. Rxc1 Rxc1+ 29. Kg2 axb6 30. Ng5 Nf8 31. Bxf8 Kxf8 32. Nxe6+ Kf7 33.
Nf4 Rc4 34. Nxd5 Rxd4 35. Nxb6 Rxg4+ 36. Kf3 Rh4 37. Kg3 Re4 38. Nd7 Ke8 39.
Nb6 Rxe5 40. Nc4 Rc5 41. Nd6+ Kd7 42. Ne4 Ra5 43. Kf4 h6 44. h4 Ke6 45. Kf3
Ra3+ 46. Kf4 Ra4 47. Ke3 Ke5 48. Nd2 Ra3+ 49. Ke2 Ra2 50. Ke3 Rxd2 0-1